El concepto de la historia y otros ensayos

Tallennettuna:
Bibliografiset tiedot
Päätekijä: Huizinga, Johan (autor)
Aineistotyyppi: Kirja
Kieli:espanja
Julkaistu: Ciudad de México Fondo de Cultura Economica 1946
Painos:1a. ed
Sarja:Sección de Obras de Historia
Aiheet:
Tagit: Lisää tagi
Ei tageja, Lisää ensimmäinen tagi!

MARC

LEADER 00000cam a2200000 a 4500
001 UCX8405
003 CL-VaPUC
008 940330e19460000MX |||||||||||||||||spa|d
020 |a 9681639359 
082 0 4 |a 901  |b HUI  |2 21 
100 |a Huizinga, Johan  |e autor  |9 590464 
245 1 3 |a El concepto de la historia y otros ensayos 
250 |a 1a. ed 
300 |a 452 p 
942 |c BK 
945 |d 19940330 00:00:00  |a aalvarez 
260 |a Ciudad de México  |b Fondo de Cultura Economica  |c 1946 
650 0 |a Filosofía de la historia  |9 265651 
650 0 |a Cultura  |9 269059 
583 |a last modification  |c 20160621 11:25:25  |k Rodrigo Vera 
490 0 |a Sección de Obras de Historia 
999 |c 227916  |d 227914 
952 |0 0  |1 0  |4 0  |6 901_000000000000000_HUI_1946  |7 0  |8 A  |9 227212  |a BIBHIS  |b BIBHIS  |d 2019-11-15  |i 3190145  |o 901 HUI 1946  |p 3190145  |r 2025-01-20  |w 2019-11-15  |y BK  |k HIS 
952 |0 0  |1 0  |4 0  |6 901_000000000000000_HUI_1946  |7 0  |8 A  |9 227213  |a BIBHIS  |b BIBHIS  |d 2019-11-15  |i 3476790  |o 901 HUI 1946  |p 3476790  |r 2025-01-20  |w 2019-11-15  |y BK  |k HIS 
952 |0 0  |1 0  |4 0  |6 901_000000000000000_HUI_1946  |7 0  |8 A  |9 227214  |a BIBHIS  |b BIBHIS  |d 2019-11-15  |i 1367528  |o 901 HUI 1946  |p 1367528  |r 2025-01-20  |w 2019-11-15  |y BK  |k HIS 
952 |0 0  |1 0  |4 0  |6 901_000000000000000_HUI_1946  |7 0  |8 A  |9 227215  |a BIBHIS  |b BIBHIS  |d 2019-11-15  |i 1367536  |o 901 HUI 1946  |p 1367536  |r 2025-01-20  |w 2019-11-15  |y BK  |k HIS 
952 |0 0  |1 0  |4 0  |6 901_000000000000000_HUI_1946  |7 0  |8 A  |9 227216  |a BIBART  |b BIBART  |d 2019-11-15  |i 1206206  |o 901 HUI 1946  |p 1206206  |r 2025-03-13  |w 2019-11-15  |y BK  |k ART 
952 |0 0  |1 0  |4 0  |6 901_000000000000000_HUI_1946  |7 0  |8 A  |9 227217  |a BIBHIS  |b BIBHIS  |d 2019-11-15  |i 3892530  |o 901 HUI 1946  |p 3892530  |r 2025-01-20  |w 2019-11-15  |y BK  |k HIS 
952 |0 0  |1 0  |4 0  |6 901_000000000000000_HUI_1946  |7 0  |8 A  |9 227218  |a BIBHIS  |b BIBHIS  |d 2019-11-15  |i 3892549  |o 901 HUI 1946  |p 3892549  |r 2025-01-20  |w 2019-11-15  |y BK  |k HIS 
952 |0 0  |1 0  |3 erb  |4 0  |6 901_000000000000000_HUI_1946  |7 0  |8 A  |9 227219  |a FDOHBE  |b FDOHBE  |e Huesbe Llanos, Marco Antonio, 1934-  |i 5333334  |o 901 HUI 1946  |p 5333334  |r 2024-01-30  |w 2019-11-15  |y BK  |z Catalogado en:20160623  |k HBE